00301nam a2200121Ia 4500008004100000041000800041082000800049100002200057245003900079260003200118300000800150520002100158221007s9999 xx 000 0 und d aeng bDIX aDixit N (2K51012) aBusiness Development Opportunities c2007bPune UniversityaPune a74p aDr. Surya Ramdas